000 00543nam a2200157 4500
999 _c16987
_d16987
008 220525b ||||| |||| 00| 0 eng d
022 _a0117-3308
082 _aDPer 004.1105 C73 Sept 2010 - April 2011 v. 20 n. 3-9
100 _aViolino, Bob.
_945236
245 _a5 cloud security trends experts see for 2011/
_cBob Violino.
260 _aPhilippines:
_bSchneider Electric,
_c©2010-2011.
300 _av20 n8, page 30:
_bcolor illustrations;
_c27 cm.
500 _aComputer world.
650 _aComputer security.
_945237
942 _2ddc
_cPER